<?xml version="1.0" encoding="UTF-8"?>
<collection xmlns="http://www.loc.gov/MARC21/slim">
 <record>
  <leader>01261nam a2200205Ia 4500</leader>
  <controlfield tag="001">CTU_4482</controlfield>
  <controlfield tag="008">210402s9999    xx            000 0 und d</controlfield>
  <datafield tag="082" ind1=" " ind2=" ">
   <subfield code="a">324.2075</subfield>
  </datafield>
  <datafield tag="082" ind1=" " ind2=" ">
   <subfield code="b">M392</subfield>
  </datafield>
  <datafield tag="100" ind1=" " ind2=" ">
   <subfield code="a">Marx, Karl</subfield>
  </datafield>
  <datafield tag="245" ind1=" " ind2="0">
   <subfield code="a">Giới thiệu tác phẩm của C. Mác và Ph. Ăng-Ghen :</subfield>
  </datafield>
  <datafield tag="245" ind1=" " ind2="0">
   <subfield code="b">&quot;Tuyên ngôn của Đảng cộng sản&quot;</subfield>
  </datafield>
  <datafield tag="245" ind1=" " ind2="0">
   <subfield code="c">C. Mác, Ph. Ăng-Ghen</subfield>
  </datafield>
  <datafield tag="260" ind1=" " ind2=" ">
   <subfield code="a">Hà Nội</subfield>
  </datafield>
  <datafield tag="260" ind1=" " ind2=" ">
   <subfield code="b">Sự thật</subfield>
  </datafield>
  <datafield tag="260" ind1=" " ind2=" ">
   <subfield code="c">1976</subfield>
  </datafield>
  <datafield tag="520" ind1=" " ind2=" ">
   <subfield code="a">Là cương lĩnh cách mạng đồng thời là tác phẩm lý luận. Tuyên ngôn của Đảng cộng sản đã trình bày nhiều luận điểm và nguyên lý cơ bản của Chủ nghĩa Mác. Những nguyên lý trong Tuyên ngôn mang tính chất phổ biến mà &quot;Bất cứ một Đảng công nhân nào, hễ đi lệch cương lĩnh sách lược đó trong hoạt động của mình thì đều phải trả ngay một giá đắt&quot;. Cho đến nay, lời cảnh cáo này của Ph. Ăng-Ghen vẫn mang đầy đủ ý nghĩa.</subfield>
  </datafield>
  <datafield tag="650" ind1=" " ind2=" ">
   <subfield code="a">Communist parties,Political parties</subfield>
  </datafield>
  <datafield tag="904" ind1=" " ind2=" ">
   <subfield code="i">Giang</subfield>
  </datafield>
  <datafield tag="980" ind1=" " ind2=" ">
   <subfield code="a">Trung tâm Học liệu Trường Đại học Cần Thơ</subfield>
  </datafield>
 </record>
</collection>
